Historical records of the Survey of India, (Record no. 544116)

000 -LEADER
fixed length control field 00542cam a22001451 4500
082 ## - DEWEY DECIMAL CLASSIFICATION NUMBER
Classification number 526.9
Author Mark HIS
-- L- tech, P-97
110 2# - MAIN ENTRY--CORPORATE NAME
Corporate name or jurisdiction name as entry element Survey of India.
9 (RLIN) 39664
245 00 - TITLE STATEMENT
Title Historical records of the Survey of India,
Statement of responsibility, etc. collected and comp. by Colonel R. H. Phillimore (late Royal Engineers and Survey of India).
260 ## - PUBLICATION, DISTRIBUTION, ETC.
Place of publication, distribution, etc. Dehra Dun
Name of publisher, distributor, etc. (U.P.)
Date of publication, distribution, etc. 1945-
300 ## - PHYSICAL DESCRIPTION
Extent v.
Other physical details illus., maps (part fold.) ports.
Dimensions 30 cm.
526 ## - STUDY PROGRAM INFORMATION NOTE
Program name 0
Interest level 0
Reading level 0
Title point value 526_900000000000000_HIS
650 ## - SUBJECT ADDED ENTRY--TOPICAL TERM
Topical term or geographic name entry element MCE
9 (RLIN) 379
700 1# - ADDED ENTRY--PERSONAL NAME
Personal name Phillimore, Reginald Henry,
9 (RLIN) 39665
942 ## - ADDED ENTRY ELEMENTS (KOHA)
Source of classification or shelving scheme
Koha item type Book
Holdings
Withdrawn status Lost status Source of classification or shelving scheme Damaged status Not for loan Permanent Location Current Location Date acquired Total Checkouts Full call number Barcode Date last seen Price effective from Koha item type
          Military College of Engineering (MCE) Military College of Engineering (MCE) 04/11/2014   526.9 HIS MCE-40259 04/11/2014 04/11/2014 Book
© 2023 Central Library, National University of Sciences and Technology. All Rights Reserved.